| 000 | 00473nam a2200181Ia 4500 | ||
|---|---|---|---|
| 001 | 43861 | ||
| 008 | 140425s9999 xx 000 0 und d | ||
| 020 | _aNA | ||
| 040 | _cPK-LaUMT | ||
| 082 |
_aRHC 330.122 _bAHM-S |
||
| 100 | _aAhmad, Muhammad | ||
| 245 |
_aSarmaayah daaraana nizaam (Urdu) _bek tanqeedi jaaiza _cAhmad, Muhammad |
||
| 260 |
_aKarachi,Pakistani: _bIslami Kutab Khana, _c2009 |
||
| 300 | _a286 p. | ||
| 546 | _aUR | ||
| 650 | _aCapitalism | ||
| 942 | _cBK | ||
| 999 |
_c41861 _d41861 |
||